El IVA en los automóviles (Registro nro. 13884)

Detalles MARC
000 -LEADER
fixed length control field 00315 a2200109 4500
001 - CONTROL NUMBER
control field ART_42336
005 - DATE AND TIME OF LATEST TRANSACTION
control field 20260410161647.0
008 - FIXED-LENGTH DATA ELEMENTS--GENERAL INFORMATION
fixed length control field 260409a
100 1# - MAIN ENTRY--PERSONAL NAME
Personal name Januszewski, Karina
245 10 - TITLE STATEMENT
Title El IVA en los automóviles
773 0# - HOST ITEM ENTRY
Title Consultor tributario
Related parts - Año 11, Nº 123 (mayo 2017)
Record control number REV474

No hay ítems disponibles.